<?xml version="1.0" encoding="UTF-8"?><?xml-stylesheet type="text/xsl" href="static/style.xsl"?><OAI-PMH xmlns="http://www.openarchives.org/OAI/2.0/" xmlns:xsi="http://www.w3.org/2001/XMLSchema-instance" xsi:schemaLocation="http://www.openarchives.org/OAI/2.0/ http://www.openarchives.org/OAI/2.0/OAI-PMH.xsd"><responseDate>2026-06-01T19:56:57Z</responseDate><request verb="GetRecord" identifier="oai:riuma.uma.es:10630/45126" metadataPrefix="marc">https://riuma.uma.es/rest/oai/request</request><GetRecord><record><header><identifier>oai:riuma.uma.es:10630/45126</identifier><datestamp>2026-02-04T00:45:42Z</datestamp><setSpec>com_10630_2254</setSpec><setSpec>col_10630_37953</setSpec></header><metadata><record xmlns="http://www.loc.gov/MARC21/slim" xmlns:dcterms="http://purl.org/dc/terms/" xmlns:doc="http://www.lyncode.com/xoai" xmlns:xsi="http://www.w3.org/2001/XMLSchema-instance" xsi:schemaLocation="http://www.loc.gov/MARC21/slim http://www.loc.gov/standards/marcxml/schema/MARC21slim.xsd">
   <leader>00925njm 22002777a 4500</leader>
   <datafield ind2=" " ind1=" " tag="042">
      <subfield code="a">dc</subfield>
   </datafield>
   <datafield ind2=" " ind1=" " tag="720">
      <subfield code="a">Luque-Jiménez, María del Carmen</subfield>
      <subfield code="e">author</subfield>
   </datafield>
   <datafield ind2=" " ind1=" " tag="260">
      <subfield code="c">2026-01</subfield>
   </datafield>
   <datafield ind2=" " ind1=" " tag="520">
      <subfield code="a">Tras más de cuatro años de aplicación de la Ley 8/2021, resulta procedente un análisis crítico de la guarda de hecho, institución que la reforma consolidó como medida de apoyo formal y no meramente temporal, siempre que resulte suficiente y adecuada para proteger los derechos de la persona con discapacidad. La norma ha reforzado su carácter jurídico, diferenciando modalidades asistenciales y representativas, con o sin necesidad de autorización judicial, y ha planteado problemas prácticos, como la acreditación frente a terceros y la proyección en negocios jurídicos conexos. La experiencia acumulada permite evaluar su operatividad real y el criterio jurisprudencial desarrollado, destacando casos en que la guarda de hecho es considerada suficiente y aquellos en los que se requiere transición a curatela, lo que ofrece una visión clara del alcance y los límites de esta institución en la práctica.</subfield>
   </datafield>
   <datafield ind1="8" ind2=" " tag="024">
      <subfield code="a">Luque Jiménez, María del Carmen, «Cuando el cuidado se vuelve Derecho: la guarda de hecho en España tras la Ley 8/2021», InDret 1.2026, pp. 227-269</subfield>
   </datafield>
   <datafield ind1="8" ind2=" " tag="024">
      <subfield code="a">https://hdl.handle.net/10630/45126</subfield>
   </datafield>
   <datafield ind1="8" ind2=" " tag="024">
      <subfield code="a">10.31009/InDret.2026.i1.06</subfield>
   </datafield>
   <datafield tag="653" ind2=" " ind1=" ">
      <subfield code="a">representación - Derecho - España</subfield>
   </datafield>
   <datafield ind2="0" ind1="0" tag="245">
      <subfield code="a">Cuando el cuidado se vuelve Derecho: la guarda de hecho en España tras la Ley 8/2021</subfield>
   </datafield>
</record>
</metadata></record></GetRecord></OAI-PMH>